| 000 | 00357nam a2200145Ia 4500 | ||
|---|---|---|---|
| 008 | 230917s9999||||xx |||||||||||||| ||und|| | ||
| 040 |
_e78029 _aMAIN |
||
| 041 | _aEnglish | ||
| 082 | _a340 S64A | ||
| 100 | _aSingh, S S | ||
| 245 | 0 | _aAdmistration of natural justice in India | |
| 260 |
_aNew Delhi _bUppal _c1986 |
||
| 300 | _axxxiv, 324 p. | ||
| 942 | _cBK | ||
| 999 |
_c58833 _d58833 |
||